[Event "SWE-chT 9899"]
[Site "Sweden"]
[Date "1999.??.??"]
[Round "9"]
[White "Ernst, Thomas"]
[Black "Sjoegren, Bo"]
[Result "1/2-1/2"]
[WhiteElo "2504"]
[BlackElo "2221"]

1.e4 e6 2.d4 d5 3.Nc3 Nf6 4.e5 Nfd7 5.f4 c5 6.Nf3 a6 7.Be3 Qb6 8.Na4 Qa5+
9.c3 cxd4 10.b4 Qc7 11.Qxd4 Nc6 12.Qd2 b5 13.Nb2 f6 14.a4 Rb8 15.axb5 axb5
16.Nd4 fxe5 17.Nxe6 Qd6 18.Qxd5 Qxd5 19.Nc7+ Kf7 20.Nxd5 Bd6 21.Be2 exf4
22.Bxf4 Bxf4 23.Nxf4 Nf6 24.O-O Re8 25.Nbd3 Kg8 26.Nc5 g5 27.Nh5 Rxe2 28.Rxf6 Ne7
29.Raf1 Bg4 30.Rh6 Nf5 31.Rc6 Ne3 32.Nf6+ Kg7 33.Ra1 Ra8 34.Rxa8 Re1+ 35.Kf2 Re2+
36.Kg1 Re1+  1/2-1/2

[Event "SWE-chT 9899"]
[Site "Sweden"]
[Date "1999.??.??"]
[Round "11"]
[White "Karlsson, Tomas"]
[Black "Danerud, Martin"]
[Result "1-0"]
[WhiteElo "2235"]
[BlackElo "2033"]

1.e4 e6 2.d4 d5 3.Nc3 Nf6 4.e5 Nfd7 5.Nce2 c5 6.c3 Nc6 7.f4 Qb6 8.Nf3 cxd4
9.cxd4 Be7 10.Nc3 O-O 11.Na4 Qd8 12.Be2 f5 13.O-O b6 14.Nc3 Bb7 15.Be3 Rc8
16.Ng5 Bxg5 17.fxg5 a6 18.Bd3 Qe7 19.Ne2 Nb4 20.Bb1 b5 21.h4 g6 22.Nf4 Nb6
23.g4 fxg4 24.a3 Nc4 25.Bc1 Nc6 26.b3 N4xe5 27.dxe5 Qc5+ 28.Kh2 Qc3 29.Qxg4 Nxe5
30.Qxe6+ Kh8 31.Ra2 Rce8 32.Qh3 Qc7 33.Bb2 d4 34.Bxd4 Bc8 35.Qc3  1-0

[Event "Toulouse op"]
[Site "Toulouse"]
[Date "1999.??.??"]
[Round "2"]
[White "Santo Roman, Marc"]
[Black "Juglard, Eric"]
[Result "0-1"]
[WhiteElo "2381"]
[BlackElo "2200"]

1.e4 e6 2.d4 d5 3.Nc3 Nf6 4.e5 Nfd7 5.f4 c5 6.Nf3 Nc6 7.Be3 Qb6 8.Na4 Qa5+
9.c3 cxd4 10.b4 Nxb4 11.cxb4 Bxb4+ 12.Bd2 Bxd2+ 13.Nxd2 b6 14.Rb1 Ba6 15.Bxa6 Qxa6
16.Rb4 Nc5 17.Nxc5 bxc5 18.Ra4 Qc6 19.Nf3 d3 20.O-O c4 21.Kh1 g6 22.Ra3 h5
23.Qd2 Qb6 24.Rc1 Rb8 25.Qe1 Rb7 26.h3 Qb2 27.Rxd3 cxd3 28.Rc8+ Kd7 29.Rxh8 Rc7
30.Qh4 d2 31.Qd8+ Kc6 32.Qe8+ Kc5 33.Nxd2 Qxd2 34.Qa4 Qc1+ 35.Kh2 Qc4 36.Qa5+ Kd4
37.Qd2+ Qd3 38.Qa5 Rc2 39.Qxa7+ Ke4 40.Qxf7  0-1

[Event "Toulouse op"]
[Site "Toulouse"]
[Date "1999.??.??"]
[Round "2"]
[White "Janotta, Patrick"]
[Black "Dojkova, Galina"]
[Result "1-0"]
[WhiteElo "2158"]
[BlackElo "2131"]

1.e4 e6 2.d4 d5 3.Nc3 Nf6 4.e5 Nfd7 5.f4 c5 6.Nf3 Nc6 7.Be3 cxd4 8.Nxd4 Bc5
9.Qd2 O-O 10.O-O-O a6 11.Kb1 Nxd4 12.Bxd4 b5 13.Qe3 Qc7 14.Bd3 b4 15.Qh3 g6
16.Ne2 a5 17.Qh6 Bxd4 18.Nxd4 Nc5 19.Nf3 Ba6 20.Bxa6 Rxa6 21.f5 exf5 22.Rxd5 Ne4
23.Ng5 Nxg5 24.Qxg5 Rc8 25.Qd2 Rc6 26.Rc1 Rc5 27.e6 fxe6 28.Rd7 Qb6 29.Qh6  1-0

[Event "Toulouse op"]
[Site "Toulouse"]
[Date "1999.??.??"]
[Round "7"]
[White "Van Elst, Andreas"]
[Black "Dojkova, Galina"]
[Result "1/2-1/2"]
[WhiteElo "2236"]
[BlackElo "2131"]

1.e4 e6 2.d4 d5 3.Nc3 Nf6 4.e5 Nfd7 5.f4 c5 6.Nf3 Nc6 7.Be3 cxd4 8.Nxd4 Bc5
9.Qd2 O-O 10.O-O-O a6 11.Qf2 Nxd4 12.Bxd4 Qc7 13.Bxc5 Nxc5 14.Bd3 b5 15.Qh4 g6
16.Rhe1 b4 17.Ne2 a5 18.Nd4 Ba6 19.Bxa6 Rxa6 20.Re3 Ne4 21.Qe1 Rc8 22.Kb1 Rb6
23.Rc1  1/2-1/2

[Event "RUS-Cup"]
[Site "Tula "]
[Date "1999.??.??"]
[Round "3"]
[White "Bezgodov, Alexei"]
[Black "Chigvintsev, Andrei"]
[Result "1/2-1/2"]
[WhiteElo "2557"]
[BlackElo "2387"]

1.e4 e6 2.d4 d5 3.Nc3 Nf6 4.e5 Nfd7 5.f4 c5 6.Nf3 Qb6 7.Be3 a6 8.Na4 Qa5+
9.c3 cxd4 10.b4 Qc7 11.Qxd4 Nc6 12.Qd2 Be7 13.Bd3 b5 14.Nb2 a5 15.bxa5 Nxa5
16.O-O Nc4 17.Nxc4 bxc4 18.Bc2 Nc5 19.Nd4 O-O 20.f5 exf5 21.Bxf5 Be6 22.Rae1 Ra6
23.Bb1 Nd3 24.Bxd3 cxd3 25.Qxd3 Rxa2 26.Bf4  1/2-1/2

[Event "FIN-ch"]
[Site "Vammala"]
[Date "1999.??.??"]
[Round "3"]
[White "Penttinen, Jarkko"]
[Black "Tuominen, Risto"]
[Result "1-0"]
[WhiteElo "2304"]
[BlackElo "2218"]

1.e4 e6 2.d4 d5 3.Nc3 Nf6 4.e5 Nfd7 5.f4 c5 6.Nf3 a6 7.Be3 Nc6 8.Qd2 b5 9.dxc5 Bxc5
10.Bxc5 Nxc5 11.Qf2 Qb6 12.Bd3 b4 13.Ne2 a5 14.O-O Ba6 15.Rfd1 O-O 16.Kh1 Bxd3
17.cxd3 Rac8 18.Rac1 Ne7 19.Rc2 Qb5 20.Ned4 Qb6 21.h3 Nd7 22.Re2 Ng6 23.Qe3 a4
24.g4 f6 25.exf6 Rxf6 26.f5 exf5 27.gxf5 Nh8 28.Rg1 Rh6 29.Qe7 Rxh3+ 30.Kg2 Rxf3
31.Qxd7 Rf8 32.Nxf3  1-0

[Event "FIN-ch"]
[Site "Vammala"]
[Date "1999.??.??"]
[Round "3"]
[White "Salmensuu, Olli"]
[Black "Kytoniemi, Jyrki"]
[Result "1-0"]
[WhiteElo "2449"]
[BlackElo "2289"]

1.e4 e6 2.d4 d5 3.Nc3 Nf6 4.e5 Nfd7 5.f4 c5 6.Nf3 Nc6 7.Be3 a6 8.Qd2 Qa5
9.Be2 b5 10.O-O b4 11.Nd1 f5 12.exf6 Nxf6 13.Nf2 cxd4 14.Nxd4 Nxd4 15.Bxd4 Bd6
16.Bxf6 gxf6 17.Bh5+ Kd8 18.f5 e5 19.Bf3 Bb7 20.Rfd1 Kc7 21.Bxd5 Rad8 22.Bxb7 Kxb7
23.Qd5+ Qxd5 24.Rxd5 Be7 25.Rxd8 Bxd8 26.Ne4 Bb6+ 27.Kf1 Kc6 28.Ke2 Bd4 29.c3 bxc3
30.bxc3 Bc5 31.Rb1 h5 32.Nxf6 Rf8 33.Ne4 Rxf5 34.Rf1 Rxf1 35.Kxf1 Be7 36.Ke2 Kb5
37.Kd3 Ka4 38.Kc2 a5 39.g3 Kb5 40.h3 a4 41.Kd3 a3 42.g4 hxg4 43.hxg4 Bf8
44.g5 Be7 45.g6 Bf8 46.Nd6+ Kc5 47.Nf5 e4+ 48.Kc2 Kc4 49.g7 Bxg7 50.Nxg7 e3
51.Nf5 e2 52.Ne3+  1-0

[Event "LTU-ch"]
[Site "Vilnius"]
[Date "1999.??.??"]
[Round "?"]
[White "Asauskas, Henrikas"]
[Black "Grigutavicius, Dainius"]
[Result "1-0"]
[WhiteElo "2231"]
[BlackElo "2162"]

1.e4 e6 2.d4 d5 3.Nc3 Nf6 4.e5 Nfd7 5.Nce2 c5 6.f4 Nc6 7.Nf3 Qb6 8.c3 cxd4
9.Nexd4 Nc5 10.g3 Ne4 11.Qe2 Nxd4 12.Nxd4 Bd7 13.Bg2 Bc5 14.Be3 Bxd4 15.Bxd4 Qb5
16.a4 Qxe2+ 17.Kxe2 Bc6 18.Ke3 f5 19.exf6 Nxf6 20.Bh3 Kf7 21.Kd3 a6 22.b3 Rhe8
23.Rhe1 Ne4 24.Bg2 b5 25.axb5 axb5 26.Bf1 g5 27.Ke3 gxf4+ 28.Kxf4 Ke7 29.Ke5 Nd2
30.Bc5+ Kd7 31.Be2 Nxb3 32.Rxa8 Rxa8 33.Bb4 Nd2 34.Bg4 Kc7 35.Bd6+ Kb6 36.Kxe6 Re8+
37.Be7 Ne4 38.Re3 b4 39.cxb4 d4 40.Rd3 Ng5+ 41.Kf6 Rg8 42.Rxd4 Ne4+ 43.Kf5 Rg7
44.Bd8+ Kb7 45.Kf4 Nc3 46.Bf6 Rg6 47.Ke5 Nd5 48.Bf3 Nxf6 49.Bxc6+ Kb6 50.Bd7 Kc7
51.Bf5 Rh6 52.g4 Nxg4+ 53.Rxg4 Rxh2 54.Kd4 Kb6 55.Kc4 h5 56.Rg6+ Kc7 57.Kc5  1-0

[Event "Belgian Interteams 1999-2000"]
[Site "Antwerp BEL"]
[Date "2000.01.09"]
[Round "7"]
[White "Riemens,A"]
[Black "Kern,G"]
[Result "0-1"]
[WhiteElo "2217"]
[BlackElo "2361"]

1.e4 e6 2.d4 d5 3.Nc3 Nf6 4.e5 Nfd7 5.Nf3 c5 6.Bb5 Nc6 7.dxc5 Bxc5 8.O-O O-O
9.Bf4 a6 10.Bxc6 bxc6 11.Na4 Be7 12.c4 Nb6 13.Nxb6 Qxb6 14.Qc2 Bd7 15.Rfd1 f6
16.Rac1 Rac8 17.c5 Qd8 18.Re1 Qe8 19.exf6 gxf6 20.Bh6 Rf7 21.Nd4 e5 22.Nf5 Bxc5
23.Ng7 Rxg7 24.Bxg7 Bxf2+ 25.Qxf2 Kxg7 26.Rf1 Qe7 27.Rc3 d4 28.Rg3+ Kh8 29.Qxf6+ Qxf6
30.Rxf6 Re8 31.Rd6 Re7 32.Kf2 Be8 33.b3 c5 34.Rd5 e4 35.Rxc5 e3+ 36.Ke1 d3
37.Rd5 d2+ 38.Rxd2 exd2+ 39.Kxd2 Rg7 40.Rxg7 Kxg7 41.b4 Bc6 42.g3 Kf6 43.Ke3 Kg5
44.Kd4 Kf5 45.Kc5 Bf3 46.Kd4 Bd1 47.Kd5 Bc2 48.Kd4 Kg4 49.Ke5 Kh3  0-1

[Event "ch-CRO"]
[Site "Pula CRO"]
[Date "2000.01.12"]
[Round "6"]
[White "Zelcic,R"]
[Black "Kovacevic,B"]
[Result "1/2-1/2"]
[WhiteElo "2561"]
[BlackElo "2447"]

1.e4 e6 2.d4 d5 3.Nc3 Nf6 4.e5 Nfd7 5.f4 c5 6.Nf3 Nc6 7.Be3 a6 8.Qd2 b5 9.dxc5 Bxc5
10.Bxc5 Nxc5 11.Qf2 Qb6 12.b4 Nxb4 13.Rb1 Nc6 14.Bxb5 axb5 15.Rxb5 Nd3+ 16.cxd3 Qxf2+
17.Kxf2 d4 18.Ne2 O-O 19.Rc1 Ne7 20.Rb2 Nd5 21.Nfxd4 Ra3 22.Nb3 Ba6 23.Rd1 Rc8
24.g3 h6 25.Rc1 Rd8 26.Rd1 Nb4 27.Nc5 Nxd3+ 28.Nxd3 Raxd3 29.Rxd3 Rxd3 30.Nc1 Rc3
31.Nb3 g5 32.Nd2 gxf4 33.gxf4 Kg7 34.a4 Ra3 35.Rb4 f6 36.Ne4 fxe5 37.fxe5 Bd3
38.Nc5 Bf5 39.h4 Kg6 40.Ke2 Bc2 41.Kd2 Ra2 42.Kc1 Bf5 43.Rc4 Kh5 44.Ne4 Kg6
45.Nd6 Re2 46.a5 Rxe5 47.Ra4 Rc5+ 48.Kb2 Bd3 49.a6 Bxa6 50.Rxa6 Kh5 51.Ra4 Re5
52.Ne8 Kg6 53.Kc3 Rd5 54.Rc4 Rd8 55.Nc7 Kf5 56.Nb5 e5 57.Rc6 h5 58.Nd6+ Kg4
59.Rc4+ Kh3 60.Nf7 Rd4 61.Ng5+ Kg3  1/2-1/2

[Event "ch-CRO"]
[Site "Pula CRO"]
[Date "2000.01.17"]
[Round "11"]
[White "Feletar,D"]
[Black "Kovacevic,B"]
[Result "1-0"]
[WhiteElo "2410"]
[BlackElo "2438"]

1.e4 e6 2.d4 d5 3.Nc3 Nf6 4.e5 Nfd7 5.f4 c5 6.Nf3 Nc6 7.Be3 a6 8.Qd2 b5 9.dxc5 Bxc5
10.Bxc5 Nxc5 11.Qf2 Qb6 12.b4 Nxb4 13.Rb1 Nc6 14.Bxb5 Bd7 15.O-O Qa7 16.Bxc6 Bxc6
17.Nd4 Rc8 18.f5 exf5 19.Nxf5 O-O 20.Rb4 f6 21.Rg4 g6 22.exf6 Rc7 23.f7+ Rfxf7
24.Nh6+ Kf8 25.Nxf7 Rxf7 26.Rf4  1-0

[Event "V Ubeda Open"]
[Site "Ubeda ESP"]
[Date "2000.01.19"]
[Round "1"]
[White "Romero Berruezo,F"]
[Black "Del Rio Angelis,S"]
[Result "0-1"]
[WhiteElo "2107"]
[BlackElo "2463"]

1.e4 e6 2.d4 d5 3.Nc3 Nf6 4.e5 Nfd7 5.f4 c5 6.Nf3 Nc6 7.Be3 cxd4 8.Nxd4 Bc5
9.Qd2 Bxd4 10.Bxd4 Nxd4 11.Qxd4 Qb6 12.O-O-O Qxd4 13.Rxd4 a6 14.Be2 Ke7 15.Re1 Nb8
16.Bf3 Nc6 17.Rd2 Re8 18.Na4 b5 19.Nc5 Bd7 20.f5 Ra7 21.c3 Rc8 22.Kb1 Nxe5
23.fxe6 fxe6 24.Rxe5 Rxc5 25.Rde2 Kf6 26.Bg4 Rc6 27.R5e3 Ra8 28.Rf2+ Ke7
29.Ref3 Be8 30.a3 a5 31.Kc1 b4 32.Kd2 bxc3+ 33.bxc3 Rb8 34.Kc1 Rb3 35.Rb2 Rbxc3+
36.Rxc3 Rxc3+ 37.Kd2 Rxa3 38.Rb7+ Bd7 39.Bf3 a4  0-1

[Event "V Ubeda Open"]
[Site "Ubeda ESP"]
[Date "2000.01.22"]
[Round "4"]
[White "Salmensuu,O"]
[Black "Dolmatov,S"]
[Result "1/2-1/2"]
[WhiteElo "2418"]
[BlackElo "2615"]

1.e4 e6 2.d4 d5 3.Nc3 Nf6 4.e5 Nfd7 5.f4 c5 6.Nf3 Nc6 7.Be3 a6 8.Qd2 b5 9.Be2 Qb6
10.Nd1 b4 11.O-O cxd4 12.Nxd4 Nxd4 13.Bxd4 Bc5 14.c3 Nb8 15.Ne3 bxc3 16.Bxc5 Qxc5
17.Qxc3 Qxc3 18.bxc3 Ke7 19.c4 dxc4 20.Nxc4 Bd7 21.Rfc1 Rc8 22.Bf3 Ra7 23.Nd6 Rcc7
24.Rab1 Nc6 25.Bxc6 Bxc6 26.Rb6 Bd5 27.Rxc7+ Rxc7 28.Rxa6 Rc1+ 29.Kf2 Rc2+
30.Ke3 Rxa2 31.Rxa2 Bxa2 32.Kd4 Bd5 33.g3 Bf3 34.Kc5 g6 35.Kb6 h5 36.Kc7 Bd5
37.Nc8+ Ke8 38.Kd6 Bb3 39.Nb6 Kf8 40.Nd7+ Ke8 41.Nf6+ Kd8 42.Ne4 Ke8 43.Ng5 Ba2
44.Nh7 Bb3 45.Kc5 Kd7 46.Kd4 Bd1 47.Ke3 Ba4 48.Kf2 Ke8 49.Kg2 Ke7 50.Kg1 Be8
51.Kf2  1/2-1/2

[Event "Corus Reserve Group"]
[Site "Wijk aan Zee NED"]
[Date "2000.01.24"]
[Round "4"]
[White "Rowson,J"]
[Black "Floor,D"]
[Result "1-0"]
[WhiteElo "2499"]
[BlackElo "2278"]

1.e4 e6 2.d4 d5 3.Nc3 Nf6 4.e5 Nfd7 5.f4 c5 6.Nf3 Nc6 7.Be3 Qb6 8.Na4 Qa5+
9.c3 cxd4 10.b4 Qc7 11.Nxd4 Nxd4 12.Bxd4 Be7 13.Bd3 g6 14.O-O b6 15.Rc1 O-O
16.Nb2 a5 17.c4 dxc4 18.Nxc4 Qb8 19.f5 exf5 20.Bxf5 gxf5 21.Rc3 Qb7 22.Rf4 axb4
23.Rg3+ Kh8 24.Qh5 Rxa2 25.Rxf5 Nf6 26.exf6 Rxg2+ 27.Rxg2  1-0

[Event "V Ubeda Open"]
[Site "Ubeda ESP"]
[Date "2000.01.25"]
[Round "7"]
[White "Karatorossian,D"]
[Black "Dolmatov,S"]
[Result "0-1"]
[WhiteElo "2345"]
[BlackElo "2615"]

1.e4 e6 2.d4 d5 3.Nc3 Nf6 4.e5 Nfd7 5.f4 c5 6.Nf3 Nc6 7.Be3 a6 8.Qd2 b5 9.dxc5 Bxc5
10.Bxc5 Nxc5 11.Bd3 b4 12.Ne2 Qb6 13.Ned4 Nxd4 14.Nxd4 Nxd3+ 15.Qxd3 Bd7
16.O-O-O O-O 17.Rhe1 f6 18.exf6 Rxf6 19.g3 Rc8 20.Re3 Be8 21.f5 exf5 22.Nxf5 Rxf5
23.Rxe8+ Rxe8 24.Qxf5 Qh6+ 25.Kb1 Qd2 26.Rc1 Re1 27.Qc8+ Kf7 28.Qd7+ Kg6
29.Qd6+ Kh5 30.g4+ Kg5 31.Qd8+ Kxg4 32.Qd7+ Kh4  0-1

[Event "Corus Reserve Group"]
[Site "Wijk aan Zee NED"]
[Date "2000.01.25"]
[Round "5"]
[White "Van der Weide,K"]
[Black "Stellwagen,D"]
[Result "1-0"]
[WhiteElo "2452"]
[BlackElo "2265"]

1.e4 e6 2.d4 d5 3.Nc3 Nf6 4.e5 Nfd7 5.f4 c5 6.Nf3 Nc6 7.Be3 cxd4 8.Nxd4 Bc5
9.Qd2 O-O 10.O-O-O Nxd4 11.Bxd4 a6 12.h4 b5 13.Rh3 b4 14.Na4 Bxd4 15.Qxd4 f6
16.Qxb4 fxe5 17.Qd6 Qf6 18.f5 Qh6+ 19.Kb1 Nf6 20.Nb6 Ne4 21.Qc7 Rf7 22.Qd8+ Rf8
23.Qc7 Rf7 24.Qxe5 Rxf5 25.Qd4 Nd2+ 26.Rxd2 Qxd2 27.Qxd2 Rxf1+ 28.Qc1 Rxc1+
29.Kxc1 Rb8 30.Rb3 a5 31.Kd2 Ba6 32.Nd7 Rxb3 33.axb3 Kf7 34.Ke3 Bb5 35.Ne5+ Kf6
36.Kd4 Kf5 37.g3 h5 38.c4 Ba6 39.c5 g5 40.hxg5 Kxg5 41.c6 Kf5 42.c7 Bc8 43.Nc6 Kg4
44.Ne7 Bd7 45.Ke5 d4 46.Kd6 d3 47.Kxd7 d2 48.c8=Q d1=Q+ 49.Kxe6 Qxb3+ 50.Ke5+ Kxg3
51.Nf5+ Kh2 52.Qc1 Qb5+ 53.Kf6 Qb4 54.Qc2+ Kg1 55.Qe2 h4 56.Kg5 h3 57.Ne3 Qf8
58.Qe1+ Kh2 59.Ng4+ Kg2 60.Qe2+ Kg1 61.Kh4 h2 62.Qxh2+ Kf1 63.Qe5 Qb4 64.Kg3 Qe1+
65.Kf4 Qb4+ 66.Kf5 Qf8+ 67.Nf6 Qc8+ 68.Kg6 Qc2+ 69.Kf7 a4 70.Nd5 Qb3 71.Kf6 a3
72.Ne3+ Kf2 73.Qh2+ Ke1 74.Nc2+ Kd1 75.bxa3 Qc3+ 76.Ke7 Qg7+ 77.Kd6 Qf8+
78.Kd5 Qf7+ 79.Kc5 Qf5+ 80.Kb4 Qe4+ 81.Kb3 Qe6+ 82.Kc3 Qc6+ 83.Kd3 Qg6+ 84.Kd4 Qb6+
85.Kd5 Qb3+ 86.Kc5 Qc3+ 87.Kb5 Qd3+ 88.Kb4 Qe4+ 89.Kc3 Qc6+ 90.Kd4 Qb6+ 91.Kd5 Qb3+
92.Kc6 Qc4+ 93.Kb6 Qe6+ 94.Kc5 Qf5+ 95.Kb4 Qe4+ 96.Kc5 Qe5+ 97.Kb6 Qe4 98.Nb4 Qe3+
99.Kb5 Qe8+ 100.Kc4 Qe4+ 101.Kb3 Qe6+ 102.Kb2 Qf6+ 103.Kb1  1-0

[Event "Corus Reserve Group"]
[Site "Wijk aan Zee NED"]
[Date "2000.01.25"]
[Round "5"]
[White "Van Blitterswijk,S"]
[Black "Kalinin,Al"]
[Result "0-1"]
[WhiteElo "2308"]
[BlackElo "2422"]

1.e4 e6 2.d4 d5 3.Nc3 Nf6 4.e5 Nfd7 5.f4 c5 6.Nf3 Nc6 7.Be3 cxd4 8.Nxd4 Bc5
9.Qd2 O-O 10.O-O-O a6 11.h4 Nxd4 12.Bxd4 b5 13.Bxc5 Nxc5 14.Qe3 Qb6 15.Rh3 b4
16.Ne2 a5 17.Nd4 a4 18.Bd3 Ba6 19.f5 Bxd3 20.cxd3 exf5 21.Nxf5 a3 22.Rg3 axb2+
23.Kb1 Qa6 24.Rxg7+ Kh8 25.a3 bxa3 26.Ka2 Qb6 27.d4 Rab8 28.Rb1 Nb3 29.Qd3 Nc1+
30.Rxc1 bxc1=N+  0-1

[Event "Perenyi Mem"]
[Site "Gyula HUN"]
[Date "2000.01.26"]
[Round "3"]
[White "Burnett,R"]
[Black "Yu Shaoteng"]
[Result "1/2-1/2"]
[WhiteElo "2437"]
[BlackElo "2535"]

1.e4 e6 2.d4 d5 3.Nc3 Nf6 4.e5 Nfd7 5.f4 c5 6.Nf3 Nc6 7.dxc5 Bxc5 8.Bd3 a6
9.Qe2 Ba7 10.Ng5 Nc5 11.Qh5 Nxd3+ 12.cxd3 Qe7 13.Bd2 h6 14.Nf3 Bd7 15.O-O-O O-O-O
16.Kb1 Kb8 17.Qh3 Rc8 18.Qg3 Rhg8 19.f5 Ka8 20.Qf4 exf5 21.Nxd5 Qe6 22.Qc4 g5
23.Nf6 Rgd8 24.Qxe6 Bxe6 25.Bc3 b5 26.b3 g4 27.Nh4 Bf2 28.g3 f4 29.Ne4 fxg3
30.hxg3 Bd4 31.Bxd4 Nxd4 32.Nd6 Rc5 33.Rhe1 Nc6 34.d4 Rd5 35.Nhf5 Bxf5+ 36.Nxf5 Nxd4
37.Nxh6 Nf3 38.Rxd5 Rxd5 39.Rc1 Nxe5 40.Rc7 f6 41.Rg7 Rd4 42.Rg8+ Kb7 43.Rf8 Rd1+
44.Kc2 Rf1 45.Ng8 Rf2+ 46.Kc3 Rxa2 47.Nxf6 Rf2 48.Kd4 Ng6 49.Rf7+ Kc6 50.Ra7 Kb6
51.Ne4 Rf3 52.Rg7 Nf8 53.Rxg4 Rxb3 54.Rg8 Rf3 55.Nc5 Rf6 56.Ne4 Rf7 57.g4 b4
58.g5 b3 59.Nd2 Ne6+ 60.Kc3 Rc7+ 61.Nc4+ Kb5 62.Rb8+ Kc5 63.Na5 Nxg5 64.Nxb3+ Kd5+
65.Kb4 Ne6 66.Ka5  1/2-1/2

[Event "5th HIT Open"]
[Site "Nova Gorica SLO"]
[Date "2000.02.02"]
[Round "2"]
[White "Zelcic,R"]
[Black "Senff,M"]
[Result "1/2-1/2"]
[WhiteElo "2529"]
[BlackElo "2349"]

1.e4 e6 2.d4 d5 3.Nc3 Nf6 4.e5 Nfd7 5.f4 c5 6.Nf3 Nc6 7.Be3 cxd4 8.Nxd4 Bc5
9.Qd2 O-O 10.O-O-O a6 11.h4 Nxd4 12.Bxd4 b5 13.Kb1 b4 14.Na4 Bxd4 15.Qxd4 a5
16.Bb5 Rb8 17.Bd3 Bb7 18.Nc5 Qc7 19.Nxd7 Qxd7 20.h5 Bc6 21.f5 exf5 22.Rdf1 Qe7
23.Rxf5 h6 24.Rhf1 Bd7 25.Rf6 Rbe8 26.Rd6 Be6 27.Qc5 Qg5 28.Qxa5 Qxe5 29.Rb6 Bf5
30.Qxb4 Bxd3 31.cxd3 Qe2 32.Rc1 Rc8 33.Qe1 Qxd3+ 34.Ka1 Rxc1+ 35.Qxc1 Re8
36.a3 d4 37.Rd6 Rb8 38.Rd7 Re8 39.Qg1 Qe3 40.Qd1 Qf2 41.Qxd4 Qxg2 42.Rd8 Rxd8
43.Qxd8+ Kh7 44.Qd3+ g6 45.hxg6+ fxg6 46.Qd7+ Kg8 47.a4 g5 48.Qe6+ Kg7 49.a5 g4
50.a6 g3 51.Qg4+ Kh7 52.Qd7+ Kg6 53.a7 Qf1+ 54.Ka2 Qa6+ 55.Kb3 g2 56.Qg4+ Kf6
57.Qf3+ Ke5 58.Qe3+ Kd5 59.Qf3+ Ke5 60.Qg3+ Kf6 61.Qf4+ Kg6 62.Qe4+ Kf6 63.Qd4+ Kg6
64.Kb4 Qb7+ 65.Kc3 h5 66.Qd6+ Kh7 67.Qd3+ Kh6 68.Qe3+ Kh7 69.Qd3+ Kh6 70.Qe3+  1/2-1/2

[Event "5th HIT Open"]
[Site "Nova Gorica SLO"]
[Date "2000.02.07"]
[Round "7"]
[White "Rudolf,Hen"]
[Black "Jurkovic,A"]
[Result "1-0"]
[WhiteElo "2308"]
[BlackElo "2326"]

1.e4 e6 2.d4 d5 3.Nc3 Nf6 4.e5 Nfd7 5.f4 c5 6.Nf3 Nc6 7.Be3 a6 8.Qd2 b5 9.dxc5 Bxc5
10.Bxc5 Nxc5 11.Qf2 Na4 12.Nxa4 bxa4 13.Bd3 Qa5+ 14.c3 Rb8 15.O-O Qb6 16.Rfb1 h6
17.b3 Qxf2+ 18.Kxf2 axb3 19.axb3 Rb6 20.Ra3 Kd7 21.b4 Bb7 22.Ke3 Rc8 23.Rba1 Nb8
24.Nd4 Ke7 25.g3 g5 26.R1a2 gxf4+ 27.gxf4 Rg8 28.Nb3 Rd8 29.Bf1 Nc6 30.Nd4 Rc8
31.Rg2 Kf8 32.Nxc6 Bxc6 33.Rf2 Bb5 34.Bxb5 axb5 35.f5 Kg7 36.Rg2+ Kh8 37.f6 Rbc6
38.Kd3 R6c7 39.Rg7 h5 40.Kd2 Rg8 41.Rxg8+ Kxg8 42.Ra5 Rb7 43.Kd3 Kh7 44.Kd4 Kg6
45.Kc5 Rc7+ 46.Kd6 Rxc3 47.Rxb5 d4 48.Ra5 d3 49.Ra1 Kf5 50.b5 Rb3 51.Ke7 Rxb5
52.Kxf7 Rb7+ 53.Kg8 Rb8+ 54.Kg7 Kxe5 55.f7 Kd4 56.Ra6 e5 57.Rb6 Rd8 58.Rd6+ Rxd6
59.f8=Q Rd7+ 60.Kg6 d2 61.Qb4+ Ke3 62.Qc3+ Kf2 63.Qg3+ Ke2 64.Qg2+ Ke3 65.Qh3+ Ke2
66.Qxh5+ Ke3 67.Qh3+ Ke2 68.Qxd7 e4 69.Qg4+ Kf2 70.Qf4+  1-0

[Event "Goodricke Open"]
[Site "Calcutta IND"]
[Date "2000.02.08"]
[Round "3"]
[White "Yurtaev,L"]
[Black "Goloshchapov,A"]
[Result "0-1"]
[WhiteElo "2536"]
[BlackElo "2561"]

1.e4 e6 2.d4 d5 3.Nc3 Nf6 4.e5 Nfd7 5.f4 c5 6.Nf3 Nc6 7.Be3 cxd4 8.Nxd4 Bc5
9.Qd2 O-O 10.O-O-O a6 11.h4 Nxd4 12.Bxd4 b5 13.Rh3 b4 14.Na4 Bxd4 15.Qxd4 a5
16.Bb5 Rb8 17.c4 bxc3 18.Nxc3 Qb6 19.Qxb6 Rxb6 20.b3 f6 21.exf6 Nxf6 22.a4 Ng4
23.Rd4 Nh6 24.Kb2 Nf5 25.Rd1 Nd6 26.Rf3 Nxb5 27.Nxb5 Bd7 28.Nd4 Rb4 29.Ka3 Rc8
30.Re3 Kf7 31.g3 Kf6 32.Nf3 h6 33.Rd4 Rxd4 34.Nxd4 g5 35.hxg5+ hxg5 36.fxg5+ Ke7
37.Nf5+ Kd8 38.Nd6 Rb8 39.Nf7+ Ke7 40.Ne5 Rg8 41.g6 Be8 42.b4 Bxg6 43.b5 Kd6
44.Nc6 Ra8 45.g4 Be8 46.Ne5 Rc8 47.Kb2 d4 48.Re1 Rc5 49.Nf3 Rc4 50.Ng5 e5
51.Ne4+ Ke6 52.Kb3 Rb4+ 53.Ka3 Bg6 54.Nc5+ Kd5 55.Na6 Rc4 56.b6 Kc6 57.Nb8+ Kd6
58.b7 Rb4 59.Rxe5 Kxe5 60.Nc6+ Kd6  0-1

[Event "Goodricke Open"]
[Site "Calcutta IND"]
[Date "2000.02.13"]
[Round "8"]
[White "Saravanan,V"]
[Black "Vakhidov,T"]
[Result "1/2-1/2"]
[WhiteElo "2412"]
[BlackElo "2505"]

1.e4 e6 2.d4 d5 3.Nc3 Nf6 4.e5 Nfd7 5.f4 c5 6.Nf3 Nc6 7.Be3 a6 8.Qd2 cxd4
9.Nxd4 Bc5 10.O-O-O Nxd4 11.Bxd4 O-O 12.h4 b5 13.Kb1 Bb7 14.Qe3 Qc7 15.Bd3 Bxd4
16.Qxd4 Qc5 17.Ne2 b4 18.Rhe1 a5 19.Qxc5 Nxc5 20.Nd4 a4 21.Re3 Rfc8 22.f5 a3
23.b3 Ba6 24.Rg3 Kh8 25.Rf3 Kg8 26.Rg3 Kh8 27.Rf3  1/2-1/2

[Event "Goodricke Open"]
[Site "Calcutta IND"]
[Date "2000.02.14"]
[Round "9"]
[White "Sharma,D"]
[Black "Imocha,L"]
[Result "1/2-1/2"]
[WhiteElo "2337"]
[BlackElo "2210"]

1.e4 e6 2.d4 d5 3.Nc3 Nf6 4.e5 Nfd7 5.f4 c5 6.Nf3 Nc6 7.Be3 a6 8.Qd2 cxd4
9.Nxd4 Bc5 10.O-O-O Nxd4 11.Bxd4 b5 12.h4 Bxd4 13.Qxd4 Qb6 14.Rh3 O-O 15.Ne2 f6
16.exf6 Qxd4 17.Nxd4 Nxf6 18.Rf3 Bd7 19.Re1 Ne4 20.Bd3 Nc5 21.g3 b4 22.Rfe3 Rab8
23.Bf1 Rb6 24.Nf3 Rc8 25.Bh3 Rc7 26.Kb1 a5 27.Re5 a4 28.Nd4 b3 29.axb3 axb3
30.Nxb3 Ne4 31.R1xe4 dxe4 32.Nc5 Bc8 33.Nxe4 h6 34.c3 Kf7 35.Nc5 Rcc6 36.b4 Ba6
37.Nxa6 Rxc3 38.Bf1 Rxg3 39.Kb2 Rf3 40.Be2 Rxf4 41.b5 Rf2 42.Kc3 Rxe2 43.Rxe2 Rxb5  1/2-1/2

[Event "16th open"]
[Site "Cappelle La Grande FRA"]
[Date "2000.02.21"]
[Round "4"]
[White "Bouton,C"]
[Black "Grabuzova,T"]
[Result "1-0"]
[WhiteElo "2174"]
[BlackElo "2343"]

1.d4 e6 2.e4 d5 3.Nc3 Nf6 4.e5 Nfd7 5.f4 c5 6.Nf3 a6 7.dxc5 Bxc5 8.Bd3 b5
9.Qe2 Nc6 10.Bd2 Qe7 11.O-O-O Nb6 12.Rdf1 Nc4 13.Bxc4 bxc4 14.f5 Nd4 15.Nxd4 Bxd4
16.f6 gxf6 17.exf6 Qc5 18.Rf4 Rb8 19.Re1 Qb4 20.Rxd4 Qxb2+ 21.Kd1 Qa1+ 22.Bc1 Qxc3
23.Qe5 Rg8 24.Rg4  1-0

[Event "16th open"]
[Site "Cappelle La Grande FRA"]
[Date "2000.02.23"]
[Round "6"]
[White "Timoshenko,G"]
[Black "Peric,Sl"]
[Result "1-0"]
[WhiteElo "2584"]
[BlackElo "2357"]

1.e4 e6 2.d4 d5 3.Nc3 Nf6 4.e5 Nfd7 5.f4 c5 6.Nf3 Nc6 7.Be3 a6 8.Qd2 b5 9.Bd3 b4
10.Nd1 cxd4 11.Nxd4 Nxd4 12.Bxd4 Nc5 13.O-O Nxd3 14.cxd3 Bd7 15.Ne3 Be7 16.Rf3 Qa5
17.Rg3 g6 18.f5 Bc5 19.Bxc5 Qxc5 20.d4 Qb6 21.f6 Rc8 22.h3 a5 23.Kh2 h5 24.Nc2 Rc4
25.b3 Rc7 26.a3 bxa3 27.Rxa3 Ra7 28.Rc3 Kd8 29.Rc5 Bb5 30.Ra1 Kd7 31.b4 a4
32.Na3 Bc4 33.Nxc4 dxc4 34.d5 exd5 35.Qxd5+  1-0

[Event "Open"]
[Site "Cannes FRA"]
[Date "2000.02.24"]
[Round "5"]
[White "Smith,AP"]
[Black "Henneteau,J"]
[Result "1-0"]
[WhiteElo "2231"]
[BlackElo "2091"]

1.e4 e6 2.d4 d5 3.Nc3 Nf6 4.e5 Nfd7 5.Qh5 c5 6.Nf3 g6 7.Qg4 a6 8.Bg5 Qb6
9.O-O-O Nc6 10.dxc5 Qxc5 11.Qg3 b5 12.Bd3 Bg7 13.Rhe1 Bb7 14.h4 h5 15.Kb1 Rc8
16.Qf4 Nb4 17.Rc1 Nc6 18.Re2 b4 19.Na4 Qa5 20.b3 Na7 21.Nd4 O-O 22.Bh6 Nc6
23.Nf3 Ne7 24.Bxg7 Kxg7 25.g4 hxg4 26.Qxg4 Rh8 27.Ng5 Bc6 28.Rg1 Nf5 29.Nxe6+ fxe6
30.Qxg6+ Kf8 31.Bxf5 exf5 32.e6 Ke7 33.exd7+  1-0

[Event "Metalis Open"]
[Site "Bizovac CRO"]
[Date "2000.02.25"]
[Round "4"]
[White "Pecnik,L"]
[Black "Goric,E"]
[Result "0-1"]
[WhiteElo "2179"]
[BlackElo "2337"]

1.e4 e6 2.d4 d5 3.Nc3 Nf6 4.e5 Nfd7 5.f4 c5 6.Nf3 Nc6 7.Be3 cxd4 8.Nxd4 Nxd4
9.Bxd4 Nb8 10.Bd3 Nc6 11.Bf2 Qa5 12.O-O Bc5 13.Nb5 Be7 14.c3 a6 15.b4 Qd8
16.Nd4 Bd7 17.Nb3 O-O 18.Bc5 g6 19.Qd2 b6 20.Be3 f5 21.Qf2 b5 22.Bc5 Bxc5
23.Nxc5 Qe7 24.Nb3 Rfc8 25.a3 Nd8 26.Nc5 Be8 27.Rfc1 Nb7 28.Nb3 Rc7 29.Ra2 Rac8
30.Rac2 Nd8 31.h4 Nf7 32.Be2 Nd8 33.Kf1 Nc6 34.Qg3 Nb8 35.Qg5 Qg7 36.Nc5 h6
37.Qg3 Qe7 38.Nb3 Nd7 39.Ke1 Kh7 40.Kd2 Nb6 41.Nd4 Na4 42.Qh3 h5 43.Qg3 Bd7
44.Qg5 Be8 45.Qxe7+ Rxe7 46.Bd3 Kg7 47.Be2 Kf7 48.Bd3 Rec7 49.Be2 Ke7 50.Bd3 Bd7
51.Be2 Ra7 52.g3 Be8 53.Nb3 Nb6 54.Nd4 Nd7 55.Bd3 Nb6 56.Be2 Nd7 57.Bd3 Nb6
58.Be2 Bd7 59.Nb3 Bc6 60.Nd4 Ba8 61.Bd3 Rd8 62.Ke3 Rg8 63.Be2 Nd7 64.Bd3 Rh8
65.Kd2 Nb6 66.Be2  0-1

[Event "Open"]
[Site "Cannes FRA"]
[Date "2000.02.25"]
[Round "6"]
[White "Janotta,P"]
[Black "Goldenberg,R"]
[Result "0-1"]
[WhiteElo "2171"]
[BlackElo "2293"]

1.e4 e6 2.d4 d5 3.Nc3 Nf6 4.e5 Nfd7 5.f4 c5 6.Nf3 Nc6 7.Be3 a6 8.Qd2 cxd4
9.Nxd4 Bc5 10.O-O-O O-O 11.Kb1 Nxd4 12.Bxd4 Qc7 13.Qe3 b5 14.Bd3 b4 15.Ne2 a5
16.Qh3 g6 17.Qh6 Ba6 18.h4 Rfc8 19.Bxc5 Qxc5 20.Bxa6 Rxa6 21.Nd4 a4 22.h5 Nf8
23.hxg6 fxg6 24.f5 exf5 25.e6 a3 26.e7 Qxe7 27.Nxf5 Qe5 28.Nd4 Rc4 29.Rdf1 Rf6
30.Rxf6 Qxf6  0-1